000 00878aam a2200313 4500
005 20250729142916.0
008 150609b2011 xxu||||| |||| 00| 0 spa d
020 _a9789506416058
041 _aESP
082 _a362.76 I61p
100 _aIntebi, Irene
_924415
245 _aProteger, reparar, penalizar: evaluación de las sospechas de abuso sexual infantil
260 _aArgentina
260 _bGranica
260 _c2011
300 _a281 páginas
490 _aInvestigación Criminal
650 _aMALTRATO INFANTIL
650 _aABUSO DE NIÑOS
650 _aVIOLENCIA
650 _aABUSO SEXUAL INFANTIL
650 _aENTREVISTAS
650 _aDISCAPACIDAD
650 _aMUÑECOS ANATOMICOS
650 _aDIAGNÓSTICO
650 _aEXPERIENCIAS EMOCIONALES
650 _aEVALUACIÓN DEL RELATO
942 _cBK
_2ddc
999 _c1264
_d1264